000 00812nas a2200277 4500
001 BR9502251
003 BR-BrBNA
005 20231205093954.0
007 ta
008 230509b bl.|||p| |||| 00| 00por d
040 _aBR-BrBNA
_bpor
_cBiblioteca Nacional de Agricultura
041 _a(En)
072 _aF08; P35
100 1 _aEden, M.J.
100 1 _aMcGregor, D.F.M.
100 1 _aVieira, N.A.Q.
245 1 _aSoil physical and chemical properties of cultivated pasture on forest land, Roraima, Brasil
650 _aPastagem
650 _aFloresta
650 _aSolo
650 _aPropriedade Fisico-Quimica
650 _aRoraima
773 0 _tActa Amazonica (Brazil)
_xISSN 0044-5967
_g(1991), v. 21 p. 375-390
_wBR9502251
909 _a202311
_bLúcia
_c55
_dLúcia Elande
942 _2AGRIS
_n0
_cANA
999 _c141377
_d141377